| 000 | 00751cam a2200169 i 4500 | ||
|---|---|---|---|
| 020 | _a0309026687 | ||
| 082 | 0 | 0 |
_a380.5/08 s _a388.4/0973 |
| 110 | 2 |
_aNational Research Council (U.S.). _920017 |
|
| 245 | 1 | 0 |
_aTransportation system evaluation techniques / _cTransportation Research Board, Commission on Sociotechnical Systems National Research Council. |
| 260 |
_aWashington : _bNational Academy of Sciences, _c1977. |
||
| 300 |
_aiii, 43 p. ; _c28 cm. |
||
| 500 | _aReports for the 56th annual meeting of the Transportation Research Board. | ||
| 526 |
_a0 _b0 _c0 _d380_508000000000000_S |
||
| 650 | 0 |
_aTransportation _zUnited States _xPlanning _xCongresses. _938310 |
|
| 650 | 0 |
_aUrban transportation _zUnited States _xCongresses. _938787 |
|
| 942 |
_2ddc _cBK |
||
| 999 |
_c543428 _d543428 |
||